000 01260ncm a22003134i 4500
001 991061194811206706
003 ES-BaIT
005 20241024130429.0
008 241016s2024 sp ||d spa c
017 _aDL M-3671-2017
_bOficina DL Madrid
024 2 _a5020679594520
028 0 2 _aUMV100199
_bUnión Musical Ediciones
040 _aES-BaIT
_bcat
_erda
_cES-BaIT
080 _a782.6(460).089
100 1 _aLleó i Balbastre, Vicent,
_d1870-1922
_ecompositor
_929639
245 1 3 _aLa Corte de faraón :
_bopereta bíblica en un acto dividido en cinco cuadros /
_cletra de los señores Guillermo Perrín y Miguel de Palacios ; música del maestro Vicente Lleó
264 1 _a[Madrid] :
_bUnión Musical Ediciones,
_c[2024?]
300 _a1 partitura (78 pàgines) ;
_c30 cm
336 _amúsica notada
_bntm
_2rdacontent
337 _asense mediació
_bn
_2rdamedia
338 _avolum
_bnc
_2rdacarrier
500 _aEdició facsímil de: Madrid : Ildefonso Alier, [entre 1900 i 1920]
650 0 _aSarsueles
_vReduccions per a cant i piano
_2lemac
_986284
700 1 _aPerrín, Guillermo,
_d1857-1923
_elletrista
_938705
700 1 _aPalacios, Miguel de,
_d1863-1920
_elletrista
_937589
908 _aCDMAE
940 _aCVA38
942 _2udc
_c9
999 _c135670
_d135670